00225nam a2200085Ia 450000100070000000500170000700800410002424500450006526000290011072515220250826163404.0250824s9999 xx 000 0 und d 0a SEKSENGÜNDE DÜNYA TURUcJULES VERNE bDOĞAN EGMONT YAYINLARI